Essentials of marketing/ (Record no. 14742)

000 -LEADER
fixed length control field 00660nam a22002057a 4500
008 - FIXED-LENGTH DATA ELEMENTS--GENERAL INFORMATION
fixed length control field 161007b xxu||||| |||| 00| 0 eng d
020 ## - INTERNATIONAL STANDARD BOOK NUMBER
International Standard Book Number 9780538478342
020 ## - INTERNATIONAL STANDARD BOOK NUMBER
International Standard Book Number 0538478349
050 ## - LIBRARY OF CONGRESS CALL NUMBER
Classification number HF 5415
Item number .L36 2012
100 ## - MAIN ENTRY--PERSONAL NAME
Personal name Lamb, Charles W.
245 ## - TITLE STATEMENT
Title Essentials of marketing/
Statement of responsibility, etc. Charles W. Lamb, Joseph F. Hair and Carl McDaniel.
260 ## - PUBLICATION, DISTRIBUTION, ETC. (IMPRINT)
Place of publication, distribution, etc. Australia :
Name of publisher, distributor, etc. South-Western Centage Learning ;
Date of publication, distribution, etc. 2012.
300 ## - PHYSICAL DESCRIPTION
Extent xxiii, 648p. :
Other physical details ill. ;
500 ## - GENERAL NOTE
General note Includes index.
650 ## - SUBJECT ADDED ENTRY--TOPICAL TERM
Topical term or geographic name as entry element Marketing.
650 ## - SUBJECT ADDED ENTRY--TOPICAL TERM
Topical term or geographic name as entry element Marketing
General subdivision management.
700 ## - ADDED ENTRY--PERSONAL NAME
Personal name Hair, Joseph F.
700 ## - ADDED ENTRY--PERSONAL NAME
Personal name McDaniel, Carl
942 ## - ADDED ENTRY ELEMENTS (KOHA)
Source of classification or shelving scheme
Koha item type Hard Covered Materials
Classification part HF 5415 .L36 2012
Koha issues (borrowed), all copies 1
Holdings
Withdrawn status Lost status Source of classification or shelving scheme Damaged status Not for loan Home library Current library Shelving location Date acquired Source of acquisition Total Checkouts Full call number Barcode Date last seen Price effective from Koha item type Date last checked out
          MACHAKOS UNIVERSITY LIBRARY MACHAKOS UNIVERSITY LIBRARY Technical section 07/10/2016 Donation(BFA)   HF 5415 .L36 2012 26322 08/06/2018 07/10/2016 Hard Covered Materials  
          MACHAKOS UNIVERSITY LIBRARY MACHAKOS UNIVERSITY LIBRARY Open shelf 31/10/2016 Donation(BFA) 1 HF 5415 .L36 2012 26544 31/05/2019 31/10/2016 Hard Covered Materials 08/12/2018
© Machakos University Library, Along The Highway, Machakos Wote Rd, Machakos, Kenya P.O. Box 136 - 90100 Machakos - Kenya

Tel: ( +254 ) 723 805829 OR Fax : 044-20353 OR Email: library@mksu.ac.ke